[Event "Kreuzberg Open"]
[Site "Berlin"]
[Date "2005.07.07"]
[Round "6"]
[White "Schulz, Michael"]
[Black "Thinius, Marco"]
[Result "0-1"]
[WhiteElo "2233"]
[BlackElo "2354"]
[PlyCount "150"]
[EventDate "2005.07.??"]
[EventType "swiss"]
[EventRounds "9"]
[EventCountry "GER"]
[Source "SC Kreuzberg"]
[SourceDate "2005.07.24"]

1. d4 Nf6 2. Bg5 e6 3. Nd2 h6 4. Bh4 c5 5. e3 cxd4 6. exd4 Be7 7. Ngf3 b6 8. c3
Bb7 9. Bd3 O-O 10. Bxf6 Bxf6 11. Ne4 Be7 12. Qe2 d6 13. h4 Nd7 14. O-O-O Qc7
15. g4 Bxe4 16. Bxe4 d5 17. Bc2 Qf4+ 18. Qe3 Qxe3+ 19. fxe3 b5 20. g5 h5 21. e4
dxe4 22. Bxe4 Rac8 23. a3 Rc7 24. Kb1 g6 25. Rhe1 Bd6 26. Bc2 Nb6 27. Ne5 Rd8
28. Bb3 Kg7 29. Re2 a5 30. Rf1 b4 31. cxb4 axb4 32. a4 Bxe5 33. dxe5 Rd4 34. a5
Nd7 35. Rc1 Ra7 36. a6 Rxa6 37. Rc7 Kf8 38. Rb7 Ke7 39. Bc4 Rb6 40. Ra7 Kd8 41.
b3 Rb8 42. Rf2 Ke8 43. Ra5 Rb7 44. Rb5 Rc7 45. Rxb4 Rxh4 46. Rd2 Re4 47. Rb5
Rxe5 48. Kb2 Rxb5 49. Bxb5 Ke7 50. b4 Ne5 51. Kb3 Nf3 52. Rd1 Nxg5 53. Ba6 Ne4
54. b5 Nd6 55. Kb4 Rc4+ 56. Kb3 Rc7 57. Kb4 Nxb5 58. Bxb5 g5 59. Bc4 h4 60. Rh1
Kf6 61. Kc3 Kg6 62. Kd4 Kh5 63. Be2+ g4 64. Ke3 Kg5 65. Kf2 f5 66. Re1 e5 67.
Kg2 Rc2 68. Kg1 e4 69. Ba6 h3 70. Bf1 Kf4 71. Bb5 Rg2+ 72. Kh1 Rf2 73. Bd7 g3
74. Bb5 Rb2 75. Kg1 Rxb5 0-1

[Event "Kreuzberg Open"]
[Site "Berlin"]
[Date "2005.07.07"]
[Round "6"]
[White "Figura, Atila Gajo"]
[Black "Lueders, Gerhard"]
[Result "1-0"]
[WhiteElo "2277"]
[BlackElo "2229"]
[PlyCount "187"]
[EventDate "2005.07.??"]
[EventType "swiss"]
[EventRounds "9"]
[EventCountry "GER"]
[Source "SC Kreuzberg"]
[SourceDate "2005.07.24"]

1. e4 c5 2. Nf3 d6 3. d3 g6 4. g3 Bg7 5. Bg2 Nc6 6. O-O Bg4 7. h3 Bxf3 8. Bxf3
e6 9. Bg2 Nge7 10. c3 O-O 11. a4 a6 12. Be3 b5 13. Nd2 b4 14. Qc2 Rb8 15. f4
Qc7 16. g4 f5 17. gxf5 exf5 18. Nc4 Na5 19. Nxa5 Qxa5 20. cxb4 Qxb4 21. e5 Rfd8
22. exd6 Rxd6 23. Bxc5 Bd4+ 24. Bxd4 Qxd4+ 25. Rf2 Rdb6 26. Qc4+ Qxc4 27. dxc4
Rxb2 28. Rxb2 Rxb2 29. Rc1 Ra2 30. c5 Rxa4 31. c6 Nxc6 32. Rxc6 Rxf4 33. Rxa6
Rd4 34. Ra7 h5 35. Bf3 h4 36. Kf2 g5 37. Ke3 Rd6 38. Ra5 Rf6 39. Ra7 Rg6 40.
Bd5+ Kh8 41. Rf7 g4 42. Rxf5 gxh3 43. Rh5+ Kg7 44. Rxh4 Rh6 45. Ra4 h2 46. Ra1
Kf6 47. Rh1 Ke5 48. Bg2 Rh8 49. Kf3 Kd4 50. Kg3 Ke3 51. Bh3 Rg8+ 52. Kxh2 Rg7
53. Rf1 Rg5 54. Bg2 Rh5+ 55. Kg1 Re5 56. Re1+ Kf4 57. Ra1 Rc5 58. Ra3 Rc1+ 59.
Bf1 Re1 60. Kf2 Rb1 61. Be2 Rb4 62. Rh3 Rd4 63. Rh8 Ke4 64. Bf3+ Kf4 65. Rf8+
Ke5 66. Ke3 Rd6 67. Be4 Rb6 68. Rf5+ Kd6 69. Rd5+ Ke6 70. Kf4 Rb2 71. Rd1 Rf2+
72. Bf3 Rb2 73. Bg4+ Kf6 74. Rd6+ Ke7 75. Re6+ Kf7 76. Ra6 Rb4+ 77. Kg5 Rb5+
78. Bf5 Re5 79. Rd6 Re1 80. Kf4 Ra1 81. Be4 Ra3 82. Bd5+ Kg7 83. Kg5 Ra7 84.
Be6 Kf8 85. Kf5 Ke7 86. Ke5 Ra1 87. Rd7+ Ke8 88. Rh7 Ra5+ 89. Bd5 Ra1 90. Kd6
Rd1 91. Re7+ Kf8 92. Rf7+ Ke8 93. Rf2 Re1 94. Bc6+ 1-0

[Event "Kreuzberg Open"]
[Site "Berlin"]
[Date "2005.07.07"]
[Round "6"]
[White "Kiesekamp, Marcos"]
[Black "Kaphle, Sebastian"]
[Result "1-0"]
[WhiteElo "2245"]
[BlackElo "1944"]
[PlyCount "65"]
[EventDate "2005.07.??"]
[EventType "swiss"]
[EventRounds "9"]
[EventCountry "GER"]
[Source "SC Kreuzberg"]
[SourceDate "2005.07.24"]

1. d4 Nf6 2. c4 g6 3. Nc3 Bg7 4. e4 O-O 5. Nf3 d6 6. Be2 Nc6 7. Be3 e5 8. d5
Ne7 9. Nd2 Bd7 10. c5 Ne8 11. Nc4 f5 12. f3 f4 13. Bf2 g5 14. a4 Ng6 15. cxd6
cxd6 16. Nb5 Bxb5 17. axb5 b6 18. Qb3 Nc7 19. Na3 h5 20. Nc2 Rf7 21. Nb4 Ne8
22. Nc6 Qc7 23. O-O Nf6 24. Rfc1 Qb7 25. Rc4 Nd7 26. Rca4 Nc5 27. Bxc5 dxc5 28.
Rxa7 Rxa7 29. Rxa7 Qc8 30. d6 Qe8 31. Bc4 Nh8 32. Bxf7+ Nxf7 33. d7 1-0

[Event "Kreuzberg Open"]
[Site "Berlin"]
[Date "2005.07.07"]
[Round "6"]
[White "Bruening, Wolfgang"]
[Black "Kohler, Thomas"]
[Result "0-1"]
[WhiteElo "2046"]
[BlackElo "2245"]
[PlyCount "92"]
[EventDate "2005.07.??"]
[EventType "swiss"]
[EventRounds "9"]
[EventCountry "GER"]
[Source "SC Kreuzberg"]
[SourceDate "2005.07.24"]

1. d4 Nf6 2. c4 g6 3. Nc3 Bg7 4. e4 d6 5. g3 O-O 6. Bg2 e5 7. Nf3 Nc6 8. O-O
Bg4 9. d5 Nd4 10. Be3 Re8 11. h3 Nxf3+ 12. Bxf3 Bxh3 13. Re1 h5 14. Bg2 Bd7 15.
Bg5 Qb8 16. Rc1 a6 17. b4 Ng4 18. Rc2 f6 19. Bc1 f5 20. f3 Nf6 21. Be3 fxe4 22.
fxe4 Ng4 23. Qc1 Rf8 24. Nd1 a5 25. a3 axb4 26. axb4 Nxe3 27. Qxe3 Kh7 28. Nf2
Bh6 29. Qd3 Ra4 30. Rb2 Qa7 31. Ree2 Ra3 32. Rb3 Rxb3 33. Qxb3 Rxf2 34. Rxf2
Be3 35. Kf1 Qa1+ 36. Ke2 Bxf2 37. Kxf2 Qd4+ 38. Kf1 b5 39. c5 dxc5 40. bxc5
Qxc5 41. Bf3 Kg7 42. Kg2 b4 43. Be2 Qd4 44. Bf3 Bb5 45. Qc2 Qc4 46. Qd2 Qf1+
0-1

[Event "Kreuzberg Open"]
[Site "Berlin"]
[Date "2005.07.07"]
[Round "6"]
[White "Albrecht, Rainer"]
[Black "Sebastian, Martin"]
[Result "1-0"]
[WhiteElo "2226"]
[BlackElo "2065"]
[PlyCount "103"]
[EventDate "2005.07.??"]
[EventType "swiss"]
[EventRounds "9"]
[EventCountry "GER"]
[Source "SC Kreuzberg"]
[SourceDate "2005.07.24"]

1. d4 Nf6 2. c4 e6 3. Nc3 c5 4. d5 d6 5. e4 e5 6. h3 Be7 7. Nf3 O-O 8. Bd3 Re8
9. g4 Na6 10. Qe2 Bf8 11. Bg5 Nb4 12. Bb1 h6 13. Bd2 Nh7 14. a3 Na6 15. Bc2 Be7
16. Nd1 Rb8 17. Ba4 Bd7 18. Bb5 Nc7 19. a4 Nxb5 20. axb5 Ra8 21. Ne3 g6 22. Kf1
Ng5 23. Nxg5 Bxg5 24. Kg2 Bf4 25. Be1 Kg7 26. f3 a5 27. bxa6 b6 28. b4 cxb4 29.
Bxb4 Bc8 30. Ra3 Rxa6 31. Rha1 Rxa3 32. Rxa3 h5 33. Bd2 hxg4 34. fxg4 Qc7 35.
Nf1 Bd7 36. Bxf4 exf4 37. Qb2+ Kg8 38. Nd2 Qc8 39. Qxb6 Bxg4 40. hxg4 Qxg4+ 41.
Kf2 Qh4+ 42. Ke2 Qg4+ 43. Ke1 g5 44. Qc6 Qg1+ 45. Ke2 Qg2+ 46. Kd1 Rb8 47. Ra8
Rxa8 48. Qxa8+ Kg7 49. Qa3 g4 50. Qxd6 f3 51. Qf4 f2 52. d6 1-0

[Event "Kreuzberg Open"]
[Site "Berlin"]
[Date "2005.07.07"]
[Round "6"]
[White "Jenull, Marco"]
[Black "Schmidt, Peter"]
[Result "0-1"]
[WhiteElo "2156"]
[BlackElo "2144"]
[PlyCount "110"]
[EventDate "2005.07.??"]
[EventType "swiss"]
[EventRounds "9"]
[EventCountry "GER"]
[Source "SC Kreuzberg"]
[SourceDate "2005.07.24"]

1. g3 g6 2. Bg2 f5 3. d4 Bg7 4. Nh3 Nf6 5. O-O O-O 6. c4 d6 7. d5 c6 8. Nc3 e5
9. Rb1 c5 10. Bd2 h6 11. f3 g5 12. Nf2 Rf7 13. Bh3 Na6 14. e4 f4 15. Bxc8 Qxc8
16. g4 Bf8 17. h3 Be7 18. Kg2 Rh7 19. Rh1 Nd7 20. Nd3 Nf8 21. Be1 Ng6 22. Bf2
Nc7 23. Kf1 Ne8 24. Ke2 Nf6 25. Qa4 Kg7 26. Rbg1 a6 27. a3 h5 28. Qd1 Qd7 29.
b4 b6 30. Qa4 Rah8 31. gxh5 Rxh5 32. Qxa6 Rxh3 33. Rxh3 Qxh3 34. Rxg5 Nh5 35.
Qb7 Re8 36. Rxh5 Qxh5 37. Nb5 Kh8 38. Qd7 Nf8 39. Qc6 Rd8 40. Qxb6 cxb4 41.
Nxb4 Rd7 42. Nc6 Bh4 43. Qb8 Kg8 44. Bxh4 Qxh4 45. Nxd6 Rg7 46. Qe8 Qh1 47.
Nxe5 Rg2+ 48. Kd3 Qb1+ 49. Kd4 Qd1+ 50. Kc3 Qc1+ 51. Kb4 Rb2+ 52. Ka4 Qc2+ 53.
Ka5 Qc3+ 54. Ka4 Qb3+ 55. Ka5 Qb6+ 0-1

[Event "Kreuzberg Open"]
[Site "Berlin"]
[Date "2005.07.07"]
[Round "6"]
[White "Kievelitz, Bernd"]
[Black "Hannebauer, Torsten"]
[Result "0-1"]
[WhiteElo "2112"]
[BlackElo "2154"]
[PlyCount "68"]
[EventDate "2005.07.??"]
[EventType "swiss"]
[EventRounds "9"]
[EventCountry "GER"]
[Source "SC Kreuzberg"]
[SourceDate "2005.07.24"]

1. Nf3 Nf6 2. c4 g6 3. Nc3 Bg7 4. e4 d6 5. d4 O-O 6. Be2 e5 7. Be3 Ng4 8. Bg5
f6 9. Bh4 h5 10. h3 exd4 11. Qxd4 Nh6 12. Qd3 Nc6 13. a3 a5 14. Rd1 Be6 15. Qc2
b6 16. Bg3 Nf7 17. O-O Nfe5 18. Nd5 Qd7 19. Nf4 Bf7 20. Nd4 Rae8 21. Nb5 Ne7
22. Nd5 Rc8 23. f4 N5c6 24. Bf2 Nd8 25. b4 Nb7 26. Nd4 Rfe8 27. c5 bxc5 28. Bb5
c6 29. Nb6 Qc7 30. Nxc8 Rxc8 31. Nxc6 Nxc6 32. bxc5 dxc5 33. Rd2 Qxf4 34. Bxc5
Qe5 0-1

[Event "Kreuzberg Open"]
[Site "Berlin"]
[Date "2005.07.07"]
[Round "6"]
[White "Von Herman, Ulf"]
[Black "Hohn, August"]
[Result "1-0"]
[WhiteElo "2367"]
[BlackElo "2115"]
[PlyCount "48"]
[EventDate "2005.07.??"]
[EventType "swiss"]
[EventRounds "9"]
[EventCountry "GER"]
[Source "SC Kreuzberg"]
[SourceDate "2005.07.24"]

1. d4 d5 2. c4 e6 3. Nc3 Nf6 4. cxd5 exd5 5. Bg5 Be7 6. e3 O-O 7. Bd3 c5 8.
dxc5 Bxc5 9. Qc2 h6 10. Bxf6 Qxf6 11. Nxd5 Qd6 12. Nc3 Nc6 13. a3 Qe7 14. Nge2
Bg4 15. O-O Bxe2 16. Qxe2 Rad8 17. Rad1 Rfe8 18. Be4 Rxd1 19. Rxd1 Rc8 20. Qc4
Qf8 21. Nd5 Ne7 22. Nf6+ Kh8 23. Nd7 Qe8 24. Nxc5 Rc7 1-0

[Event "Kreuzberg Open"]
[Site "Berlin"]
[Date "2005.07.07"]
[Round "6"]
[White "Schmidt-Schaeffer, Sebastian"]
[Black "Hahlbohm, Matthias"]
[Result "1-0"]
[WhiteElo "2322"]
[BlackElo "2102"]
[PlyCount "157"]
[EventDate "2005.07.??"]
[EventType "swiss"]
[EventRounds "9"]
[EventCountry "GER"]
[Source "SC Kreuzberg"]
[SourceDate "2005.07.24"]

1. e4 c5 2. Nf3 d6 3. d4 cxd4 4. Nxd4 Nf6 5. Nc3 a6 6. Bg5 e6 7. f4 Be7 8. Qf3
Qc7 9. O-O-O Nbd7 10. g4 Rb8 11. Bxf6 gxf6 12. f5 Ne5 13. Qh3 b5 14. fxe6 fxe6
15. Qh5+ Ng6 16. Bd3 b4 17. Nce2 e5 18. Nf5 O-O 19. Ne3 Be6 20. Nd5 Qc5 21. Ng3
Bd8 22. Kb1 a5 23. Nf5 Rb7 24. Qh6 Rff7 25. Qe3 Qxe3 26. Ndxe3 Rfd7 27. Bc4 Nf4
28. Nxd6 Rb8 29. Ndf5 Rc7 30. Bxe6+ Nxe6 31. Rd6 Nc5 32. Rhd1 Rcc8 33. Nd5 Kf7
34. Ng3 Be7 35. Nxe7 Kxe7 36. Nf5+ Kf7 37. R6d2 Rc6 38. Ng3 a4 39. Rf2 a3 40.
g5 Kg6 41. gxf6 Rxf6 42. Rxf6+ Kxf6 43. b3 Ne6 44. Rd6 h6 45. Kc1 Kf7 46. Nf5
h5 47. Rc6 Ng5 48. Rc4 Nf3 49. h4 Ke6 50. Kd1 Kf6 51. Ke2 Ng1+ 52. Ke3 Nh3 53.
Rc6+ Kf7 54. Nd6+ Ke7 55. Nc4 Rb5 56. Rh6 Nf4 57. Kf3 Ne6 58. Rxh5 Nd4+ 59. Kf2
Nxc2 60. Rxe5+ Rxe5 61. Nxe5 Kd6 62. Nd3 Nd4 63. Nxb4 Ke5 64. Ke3 Nb5 65. Nc2
Nc3 66. Nxa3 Nxa2 67. Nc4+ Ke6 68. Kd4 Nb4 69. Ke3 Nc2+ 70. Kf4 Nb4 71. Kg5 Nd3
72. h5 Nc5 73. Nd2 Kf7 74. h6 Ne6+ 75. Kh5 Nf4+ 76. Kg4 Nd3 77. Kf5 Nb4 78. e5
Nc6 79. e6+ 1-0

[Event "Kreuzberg Open"]
[Site "Berlin"]
[Date "2005.07.07"]
[Round "6"]
[White "Fruebing, Stefan"]
[Black "Dimitrijeski, Kristian"]
[Result "1/2-1/2"]
[WhiteElo "2280"]
[BlackElo "2098"]
[PlyCount "76"]
[EventDate "2005.07.??"]
[EventType "swiss"]
[EventRounds "9"]
[EventCountry "GER"]
[Source "SC Kreuzberg"]
[SourceDate "2005.07.24"]

1. Nf3 Nf6 2. c4 g6 3. b3 Bg7 4. Bb2 O-O 5. g3 d6 6. d4 c6 7. Bg2 Qc7 8. O-O
Re8 9. Nc3 e5 10. e3 Bg4 11. h3 Bxf3 12. Qxf3 Nbd7 13. Rad1 Rad8 14. Rfe1 Nb6
15. Rc1 exd4 16. exd4 Rxe1+ 17. Rxe1 d5 18. c5 Nc8 19. Bc1 Re8 20. Rxe8+ Nxe8
21. Bf4 Qe7 22. Qe3 Qxe3 23. fxe3 Ne7 24. g4 Kf8 25. b4 a6 26. a4 f5 27. g5 Kf7
28. b5 axb5 29. axb5 Ke6 30. b6 Kd7 31. Kf2 Bf8 32. h4 Ng7 33. Bd6 Ne6 34. Bxe7
Bxe7 35. Nxd5 cxd5 36. Bxd5 Nxc5 37. dxc5 Bxc5 38. Bg8 Ke7 1/2-1/2

[Event "Kreuzberg Open"]
[Site "Berlin"]
[Date "2005.07.07"]
[Round "6"]
[White "Burger, Heinrich"]
[Black "Kozyrev, Daniil"]
[Result "0-1"]
[WhiteElo "2099"]
[BlackElo "2217"]
[PlyCount "88"]
[EventDate "2005.07.??"]
[EventType "swiss"]
[EventRounds "9"]
[EventCountry "GER"]
[Source "SC Kreuzberg"]
[SourceDate "2005.07.24"]

1. d4 Nf6 2. c4 e6 3. g3 d5 4. Bg2 Be7 5. Nf3 O-O 6. O-O c5 7. cxd5 exd5 8. Nc3
Nc6 9. dxc5 Bxc5 10. Bg5 Be6 11. Rc1 Be7 12. Nd4 Qb6 13. Nxc6 bxc6 14. Na4 Qb5
15. b3 Rac8 16. Bxf6 Bxf6 17. Rc5 Qa6 18. Qd2 Bg4 19. f3 Bf5 20. Kh1 Rfe8 21.
e4 Bg6 22. Ra5 Qb7 23. Nc5 Qc7 24. b4 Rcd8 25. Qc1 h6 26. Re1 Qb6 27. a3 dxe4
28. fxe4 Bg5 29. Qc4 Rd2 30. e5 Red8 31. e6 fxe6 32. h4 Bf6 33. Qxe6+ Bf7 34.
Qg4 h5 35. Qf4 R8d4 36. Qe3 Qb8 37. Ne4 R2d3 38. Qf4 Qxf4 39. gxf4 Bxh4 40. Rf1
Bd5 41. Nf2 Bxg2+ 42. Kxg2 Rg3+ 43. Kh2 Rf3 44. Kg2 Rdxf4 0-1

[Event "Kreuzberg Open"]
[Site "Berlin"]
[Date "2005.07.07"]
[Round "6"]
[White "Zschaebitz, Klaus"]
[Black "Jaeschke, Jens-Uwe"]
[Result "0-1"]
[WhiteElo "2092"]
[BlackElo "2164"]
[PlyCount "121"]
[EventDate "2005.07.??"]
[EventType "swiss"]
[EventRounds "9"]
[EventCountry "GER"]
[Source "SC Kreuzberg"]
[SourceDate "2005.07.24"]

1. d4 d5 2. Nf3 Nf6 3. c3 Bf5 4. Bf4 e6 5. e3 Bd6 6. Bg3 O-O 7. Nbd2 c5 8. Be2
Nc6 9. Bh4 cxd4 10. exd4 Be7 11. Ne5 Nxe5 12. dxe5 Ne4 13. Bxe7 Qxe7 14. Nf3
Bg6 15. O-O Qc7 16. Qd4 a6 17. a4 Rfc8 18. Bd3 Qc5 19. Rfe1 Rc7 20. Rad1 Qe7
21. Re3 Ng5 22. Nxg5 Qxg5 23. f4 Qe7 24. f5 Bxf5 25. Bxf5 exf5 26. Qxd5 Re8 27.
Qf3 Rd7 28. Rd4 g6 29. Qf4 Red8 30. Red3 Rxd4 31. Rxd4 Re8 32. Rd5 f6 33. exf6
Qxf6 34. h3 Kg7 35. a5 Re1+ 36. Kh2 Re4 37. Qd2 g5 38. Rd7+ Kg6 39. Qd6 Re6 40.
Qd4 Qxd4 41. Rxd4 Re7 42. Rd6+ Kh5 43. Kg3 Re3+ 44. Kf2 Re5 45. Rd7 h6 46. b4
Rb5 47. Re7 Kh4 48. Rh7 h5 49. Kf3 f4 50. Kf2 Rd5 51. Rxb7 Rd2+ 52. Kf1 Kg3 53.
b5 Rf2+ 54. Ke1 Rxg2 55. bxa6 f3 56. Rb5 Rg1+ 57. Kd2 f2 58. Rf5 f1=Q 59. Rxf1
Rxf1 60. a7 Rf8 61. Kd3 0-1

[Event "Kreuzberg Open"]
[Site "Berlin"]
[Date "2005.07.07"]
[Round "6"]
[White "Jaeger, Andre"]
[Black "Decker, Nils"]
[Result "0-1"]
[WhiteElo "2153"]
[BlackElo "2031"]
[PlyCount "78"]
[EventDate "2005.07.??"]
[EventType "swiss"]
[EventRounds "9"]
[EventCountry "GER"]
[Source "SC Kreuzberg"]
[SourceDate "2005.07.24"]

1. d4 Nf6 2. c4 e6 3. Nc3 Bb4 4. Nf3 O-O 5. Bg5 c5 6. Qc2 d5 7. e3 Nbd7 8. cxd5
exd5 9. Bd3 h6 10. h4 cxd4 11. Bh7+ Kh8 12. Nxd4 Qa5 13. Bd3 Ne4 14. Bxe4 dxe4
15. Bf4 Nc5 16. O-O Bxc3 17. Qxc3 Qxc3 18. bxc3 Nd3 19. Bd6 Rd8 20. Ba3 Bd7 21.
c4 Rac8 22. Rab1 b6 23. Nb5 Bxb5 24. cxb5 Rc2 25. Rfd1 Rxa2 26. Rb3 Rc8 27. Bd6
Nxf2 28. Rf1 Rcc2 29. Ra3 Ng4 30. Rxa2 Rxa2 31. Rxf7 Nxe3 32. Be5 Rxg2+ 33. Kh1
Rg4 34. Rxa7 Nc4 35. Bb8 e3 36. Re7 Rxh4+ 37. Kg2 Rh5 38. Re4 Rc5 39. Kf3 Nd2+
0-1

[Event "Kreuzberg Open"]
[Site "Berlin"]
[Date "2005.07.07"]
[Round "6"]
[White "Apel, Wolfgang"]
[Black "Boettcher, Patrick"]
[Result "0-1"]
[WhiteElo "1815"]
[BlackElo "2152"]
[PlyCount "112"]
[EventDate "2005.07.??"]
[EventType "swiss"]
[EventRounds "9"]
[EventCountry "GER"]
[Source "SC Kreuzberg"]
[SourceDate "2005.07.24"]

1. c4 Nf6 2. Nc3 d5 3. cxd5 Nxd5 4. d4 g6 5. e4 Nxc3 6. bxc3 Bg7 7. Bc4 c5 8.
Ne2 Nc6 9. Be3 O-O 10. O-O Bg4 11. f3 Na5 12. Bb3 Bd7 13. Rb1 e6 14. dxc5 Qc7
15. Qd6 Rfc8 16. Rfd1 Bb5 17. Qxc7 Rxc7 18. Nd4 Be8 19. c4 a6 20. f4 e5 21.
fxe5 Bxe5 22. Nf3 Bg7 23. Rd3 Rd7 24. Rbd1 Rxd3 25. Rxd3 Bc6 26. Nd2 Re8 27.
Bc2 Bb2 28. Bf4 Bc1 29. Bc7 Bxd2 30. Rxd2 Nxc4 31. Rd4 Ne5 32. h3 Nd7 33. Bd6
Nf6 34. e5 Nd7 35. e6 Rxe6 36. Bb3 Re4 37. Rxe4 Bxe4 38. Bc4 Kg7 39. g3 g5 40.
Kf2 f5 41. Be6 Nf6 42. Ke3 Bd5 43. Bxf5 Bxa2 44. Kd4 Kf7 45. Be5 Be6 46. g4
Bxf5 47. gxf5 h5 48. Bg3 h4 49. Bc7 g4 50. hxg4 Nxg4 51. c6 bxc6 52. Kc5 h3 53.
Kxc6 Kf6 54. Kb6 Kxf5 55. Kxa6 Ne3 56. Bh2 Nf1 0-1

[Event "Kreuzberg Open"]
[Site "Berlin"]
[Date "2005.07.08"]
[Round "7"]
[White "Thinius, Marco"]
[Black "Berger, Steve"]
[Result "1/2-1/2"]
[WhiteElo "2354"]
[BlackElo "2428"]
[PlyCount "90"]
[EventDate "2005.07.??"]
[EventType "swiss"]
[EventRounds "9"]
[EventCountry "GER"]
[Source "SC Kreuzberg"]
[SourceDate "2005.07.24"]

1. e4 e6 2. d4 d5 3. Nc3 Bb4 4. e5 c5 5. a3 Bxc3+ 6. bxc3 Ne7 7. a4 Qa5 8. Bd2
Bd7 9. Nf3 Nbc6 10. Bb5 a6 11. Bxc6 Nxc6 12. O-O O-O 13. Re1 Qc7 14. dxc5 Na5
15. Be3 Nc4 16. Qd4 f5 17. exf6 Rxf6 18. Bg5 Rf5 19. Bh4 Rc8 20. Rab1 h6 21.
Bg3 Qxc5 22. Rxb7 Qxd4 23. Nxd4 Rf7 24. Ra7 a5 25. Ra1 e5 26. Nf3 Re8 27. Rc7
Bg4 28. Rxf7 Kxf7 29. Ne1 e4 30. f3 Bd7 31. Rd1 Bc6 32. Rd4 Nb2 33. Bc7 Ra8 34.
c4 dxc4 35. fxe4 Ra7 36. Bd8 Bxa4 37. Rd5 Bc6 38. Rxa5 Rxa5 39. Bxa5 Bxe4 40.
Bc3 Na4 41. Bd4 g6 42. Kf2 Ke6 43. Ke3 Kd5 44. g3 h5 45. h4 Bf5 1/2-1/2

[Event "Kreuzberg Open"]
[Site "Berlin"]
[Date "2005.07.08"]
[Round "7"]
[White "Figura, Atila Gajo"]
[Black "Kiesekamp, Marcos"]
[Result "1-0"]
[WhiteElo "2277"]
[BlackElo "2245"]
[PlyCount "69"]
[EventDate "2005.07.??"]
[EventType "swiss"]
[EventRounds "9"]
[EventCountry "GER"]
[Source "SC Kreuzberg"]
[SourceDate "2005.07.24"]

1. d4 d5 2. c4 e6 3. Nc3 Nf6 4. cxd5 exd5 5. Bg5 Be7 6. e3 O-O 7. Bd3 Nbd7 8.
Qc2 Re8 9. Nf3 Nf8 10. h3 Be6 11. Bf4 Rc8 12. O-O c5 13. dxc5 N8d7 14. b4 a5
15. a3 b6 16. Ba6 Ra8 17. Bb7 axb4 18. c6 bxc3 19. c7 Qc8 20. Bxc8 Rexc8 21.
Qxc3 Ne4 22. Qc6 Bc5 23. Nd4 Nf8 24. Nxe6 fxe6 25. Rfd1 Nc3 26. Rd2 Kh8 27. Rc2
Ne4 28. f3 Nf6 29. Rb1 N6d7 30. Bd6 Bxe3+ 31. Kf1 Ra7 32. Rb4 Kg8 33. Ra4 Rxa4
34. Qxa4 Nc5 35. Qc6 1-0

[Event "Kreuzberg Open"]
[Site "Berlin"]
[Date "2005.07.08"]
[Round "7"]
[White "Schmidt, Peter"]
[Black "Schlemermeyer, Wilhelm"]
[Result "1-0"]
[WhiteElo "2144"]
[BlackElo "2346"]
[PlyCount "79"]
[EventDate "2005.07.??"]
[EventType "swiss"]
[EventRounds "9"]
[EventCountry "GER"]
[Source "SC Kreuzberg"]
[SourceDate "2005.07.24"]

1. Nf3 g6 2. d3 Bg7 3. Nbd2 c5 4. e4 Nc6 5. c3 e5 6. Be2 Nge7 7. O-O O-O 8. a3
d6 9. b4 a6 10. Rb1 cxb4 11. cxb4 b5 12. Re1 h6 13. Bb2 Be6 14. Bf1 Qb6 15. d4
Nxd4 16. Nxd4 exd4 17. Nf3 Nc6 18. Qd2 Bg4 19. Qf4 Bxf3 20. Qxf3 Rac8 21. Rbd1
Ne5 22. Qb3 Nc4 23. Ba1 Rfe8 24. Bd3 Qc6 25. Bb1 d5 26. Bxd4 dxe4 27. Bc5 f5
28. Rd6 Qb7 29. Rb6 Qf7 30. Rxa6 Ra8 31. Rxa8 Rxa8 32. Ba2 Kh7 33. f3 Qf6 34.
fxe4 Rxa3 35. Qc2 fxe4 36. Bxc4 Rc3 37. Bg8+ Kxg8 38. Qxe4 Kh7 39. Qb7 Qf5 40.
Bd4 1-0

[Event "Kreuzberg Open"]
[Site "Berlin"]
[Date "2005.07.08"]
[Round "7"]
[White "Hannebauer, Torsten"]
[Black "Albrecht, Rainer"]
[Result "1/2-1/2"]
[WhiteElo "2154"]
[BlackElo "2226"]
[PlyCount "44"]
[EventDate "2005.07.??"]
[EventType "swiss"]
[EventRounds "9"]
[EventCountry "GER"]
[Source "SC Kreuzberg"]
[SourceDate "2005.07.24"]

1. e4 e6 2. d4 d5 3. Nc3 Nf6 4. e5 Nfd7 5. f4 c5 6. Nf3 a6 7. g3 Nc6 8. Ne2 b5
9. Bg2 Qb6 10. Be3 Bb7 11. O-O Be7 12. c3 c4 13. Qd2 g6 14. Kh1 a5 15. g4 h5
16. f5 hxg4 17. fxe6 fxe6 18. Ng5 Nf8 19. Nf7 Rh7 20. Ng5 Rh8 21. Nf7 Rh7 22.
Ng5 Rh8 1/2-1/2

[Event "Kreuzberg Open"]
[Site "Berlin"]
[Date "2005.07.08"]
[Round "7"]
[White "Kozyrev, Daniil"]
[Black "Von Herman, Ulf"]
[Result "1/2-1/2"]
[WhiteElo "2217"]
[BlackElo "2367"]
[PlyCount "26"]
[EventDate "2005.07.??"]
[EventType "swiss"]
[EventRounds "9"]
[EventCountry "GER"]
[Source "SC Kreuzberg"]
[SourceDate "2005.07.24"]

1. e4 c5 2. Nf3 Nc6 3. d4 cxd4 4. Nxd4 Nf6 5. Nc3 e5 6. Ndb5 d6 7. Bg5 a6 8.
Na3 b5 9. Bxf6 gxf6 10. Nd5 f5 11. Qd3 Be7 12. exf5 Nd4 13. c3 Bxf5 1/2-1/2

[Event "Kreuzberg Open"]
[Site "Berlin"]
[Date "2005.07.08"]
[Round "7"]
[White "Jaeschke, Jens-Uwe"]
[Black "Schmidt-Schaeffer, Sebastian"]
[Result "0-1"]
[WhiteElo "2164"]
[BlackElo "2322"]
[PlyCount "78"]
[EventDate "2005.07.??"]
[EventType "swiss"]
[EventRounds "9"]
[EventCountry "GER"]
[Source "SC Kreuzberg"]
[SourceDate "2005.07.24"]

1. d4 d6 2. Nf3 f5 3. Nc3 Nf6 4. Qd3 d5 5. Bf4 e6 6. e3 Be7 7. Nb5 Na6 8. c4
O-O 9. Be2 c6 10. Nc3 Ne4 11. O-O Nb8 12. Qc2 Nd7 13. Nxe4 fxe4 14. Ne5 Nxe5
15. Bxe5 Bd7 16. f3 exf3 17. Bd3 h6 18. gxf3 Bf6 19. Bd6 Be7 20. Be5 Be8 21.
Rf2 Bf6 22. Bxf6 Rxf6 23. f4 c5 24. dxc5 d4 25. e4 Rxf4 26. Raf1 Rxf2 27. Qxf2
Qg5+ 28. Qg3 Qxc5 29. Rf6 Qh5 30. Rxe6 Qd1+ 31. Bf1 Bf7 32. Re7 Rf8 33. Rxb7
Bg6 34. Qd3 Qe1 35. Qe2 Rxf1+ 36. Qxf1 Qe3+ 37. Qf2 Qc1+ 38. Qf1 Qg5+ 39. Qg2
Qxg2+ 0-1

[Event "Kreuzberg Open"]
[Site "Berlin"]
[Date "2005.07.08"]
[Round "7"]
[White "Federau, Juergen"]
[Black "Boettcher, Patrick"]
[Result "1/2-1/2"]
[WhiteElo "2236"]
[BlackElo "2152"]
[PlyCount "28"]
[EventDate "2005.07.??"]
[EventType "swiss"]
[EventRounds "9"]
[EventCountry "GER"]
[Source "SC Kreuzberg"]
[SourceDate "2005.07.24"]

1. d4 Nf6 2. c4 g6 3. g3 c5 4. d5 e6 5. Nc3 exd5 6. Nxd5 Nxd5 7. Qxd5 Nc6 8.
Nf3 d6 9. Bg5 Be7 10. Bg2 Be6 11. Qd2 O-O 12. Rc1 Ne5 13. Bxe7 Qxe7 14. b3 Bh3
1/2-1/2

[Event "Kreuzberg Open"]
[Site "Berlin"]
[Date "2005.07.08"]
[Round "7"]
[White "Lueders, Gerhard"]
[Black "Shapiro, Yosip"]
[Result "0-1"]
[WhiteElo "2229"]
[BlackElo "2118"]
[PlyCount "90"]
[EventDate "2005.07.??"]
[EventType "swiss"]
[EventRounds "9"]
[EventCountry "GER"]
[Source "SC Kreuzberg"]
[SourceDate "2005.07.24"]

1. Nf3 d5 2. d4 Nf6 3. e3 Bf5 4. c4 c6 5. Qb3 Qb6 6. c5 Qc7 7. Bd3 Ne4 8. Nh4
Bc8 9. f3 Qa5+ 10. Nc3 Nxc3 11. Bd2 Qd8 12. bxc3 e6 13. g3 Be7 14. Ng2 Nd7 15.
f4 b6 16. cxb6 axb6 17. O-O Ba6 18. c4 f5 19. Rfc1 O-O 20. cxd5 cxd5 21. Bxa6
Rxa6 22. Rc6 Kf7 23. Rac1 Ra3 24. Qb2 Qa8 25. R1c2 Ra7 26. Bb4 Nc5 27. dxc5
Qxc6 28. cxb6 Qxb6 29. Bxe7 Qxb2 30. Rxb2 Kxe7 31. Ne1 Rfa8 32. Nd3 Rxa2 33.
Rb7+ Kf8 34. Nc5 Re2 35. Nxe6+ Kg8 36. Kf1 Rxh2 37. Kg1 Re2 38. Kf1 Rxe3 39.
Rxg7+ Kh8 40. Re7 d4 41. Kf2 Re4 42. g4 d3 43. gxf5 Rd8 44. f6 Re2+ 45. Kf3
Rxe6 0-1